| 000 | 01386nam a22003377a 4500 | ||
|---|---|---|---|
| 003 | DO-SdBPM | ||
| 005 | 20260316124301.0 | ||
| 007 | ta | ||
| 008 | 171030b1998 sp ||| |||| 00| 0 spa | ||
| 020 | _a9788420789866 | ||
| 040 |
_aDO-SdBPM _bspa _cBPMSU _erda |
||
| 082 | 0 | 4 |
_a863.6 _bM967O 1998 _222 |
| 100 | 1 |
_aMuñoz Puelles, Vicente _d1948- _eautor _4aut. |
|
| 245 | 1 | 0 |
_aÓscar y el león de correos / _cVicente Muñoz Puelles ; ilustraciones Noemí Villamuza |
| 264 |
_aMadrid : _bAnaya ; _c1998. |
||
| 300 |
_a60 páginas : _bilustraciones ; _c28 cm. |
||
| 336 |
_atexto _btxt _2rdacontent |
||
| 337 |
_asin mediación _bn _2rdamedia |
||
| 338 |
_avolumen _bnc _2rdacarrier |
||
| 490 | 0 | _aSopa de libros | |
| 505 | 0 | _t | |
| 586 | _aPremio Nacional de Literatura Infantil y Juvenil, 1999 | ||
| 590 | _aInventariado, 2026/VM | ||
| 650 | 7 | _aCuentos infantiles españoles | |
| 650 | 7 | _aLibros ilustrados para niños | |
| 650 | 7 | _aLiteratura infantil depañola | |
| 700 | 1 |
_aVillamuza, Noemí, _eilustración |
|
| 700 | 1 |
_aNúñez, Ruddy _eilustración |
|
| 910 | _aVMateo V. Control de calidad. BPMSU | ||
| 942 |
_2ddc _cBK |
||
| 999 |
_c9690 _d9690 |
||